| 000 | 00930nam a2200229 i 4500 | ||
|---|---|---|---|
| 001 | 43611 | ||
| 003 | ES-MaACL | ||
| 005 | 20240224062536.0 | ||
| 007 | t| | ||
| 008 | 030318s1885 xxk |||| | eng d | ||
| 100 | 1 |
_aCervantes Saavedra, Miguel de, _d1547-1616 _9226514 |
|
| 240 | 1 | 0 |
_aDon Quijote de la Mancha. _lInglés |
| 245 | 1 | 4 |
_aThe ingenious gentleman Don Quixote of la Mancha / _cby Miguel de Cervantes Saavedra ; a translation with introduction and notes by John Ormsby. |
| 260 |
_aLondon : _bSmith, Elder and Co., _c1885. |
||
| 300 |
_a4 v. : _bmapa ; _c23 cm. |
||
| 530 | _aDisponible en formato digital. | ||
| 594 | _aPrecedido de una noticia biográfica de Cervantes y un ensayo sobre el Don Quijote. | ||
| 700 | 1 |
_aOrmsby, John ( _d1829-1895) _9169387 |
|
| 852 |
_aES-MaACL _jB-1674-77 |
||
| 856 |
_uhttp://bdh-rd.bne.es/viewer.vm?id=0000022727&page=1 _zBiblioteca Digital Hispánica |
||
| 999 |
_c43611 _d43611 |
||